000 00500nam a2200169Ia 4500
999 _c25302
_d25302
003 OSt
005 20210104123433.0
008 190216s9999||||xx |||||||||||||| ||und||
040 _coclc
082 _a894.8121
_bNAI/P
100 _aNair, P Kunhiraman
_96699
245 0 _aPrapancham /
_cP Kunhiraman Nair
260 _bSahithya Pravarthaka Sahakarana Sangam,
_c1960.
_aKottayam:
300 _a56p
650 _aKavithkal
942 _cBK
_2ddc
_h894.8121
_iNAI/P
_k894.8121
_mNAI/P